[Event "EUSA-ch Open 2019"]
[Site "Budapest"]
[Date "2019.07.25"]
[Round "1.1"]
[White "Chigaev, Maksim"]
[Black "Barbot, Pierre"]
[Result "1-0"]
[WhiteElo "2640"]
[BlackElo "2441"]
[Annotator "TA"]
[PlyCount "87"]
[EventDate "2019.07.23"]
[EventType "team-tourn"]
[EventCountry "HUN"]
[SourceTitle "playchess.com"]
[Source "ChessBase"]
[SourceQuality "1"]

{[%evp 18,87,9,0,16,0,0,8,31,-19,0,-18,-6,-22,-31,-8,-18,-52,-43,-56,0,-21,-9,-25,0,-16,0,0,0,0,6,14,11,10,12,0,44,37,37,31,127,136,135,135,136,140,201,190,258,174,250,239,268,279,242,231,247,227,336,221,310,326,318,288,403,385,392,387,370,356,365,359]} 1. e4 e5 2. Nf3 Nc6 3. Bc4 Bc5 4. d3 Nf6 5. h3 O-O 6. O-O d6 7. c3 a6 8. a4 Ba7 9. Nbd2 {[%cal Bb1d2,Bd2f1,Bf1g3][%mdl 32]} Ne7 10. Re1 Ng6 {C54: Giuoco Piano: 4 c3 Nf6, main lines with 5 d4 and 5 d3} 11. Nf1 c6 12. Bb3 Re8 {The position is equal.} 13. Ng5 $146 ({Predecessor:} 13. Ng3 Be6 14. d4 h6 15. a5 Bxb3 16. Qxb3 Qc7 17. Be3 exd4 18. Bxd4 {½-½ (34) Motylev,A (2665)-Esipenko,A (2509) Minsk 2017}) 13... Re7 14. Ng3 d5 15. a5 h6 16. Nf3 Be6 17. Qc2 Qc7 18. Be3 dxe4 ({Black should try} 18... Bxe3 $15 19. Rxe3 Rd8) 19. dxe4 Bxb3 20. Qxb3 Bxe3 21. Rxe3 Rd8 22. Nf5 Red7 23. g3 Rd3 24. Qc2 $36 {[%mdl 2048] White has some pressure.} Qd7 25. Rae1 Rxe3 26. Rxe3 Qd1+ 27. Qxd1 Rxd1+ 28. Kg2 c5 {[#]} ({Better is} 28... Ne8 $14) 29. Re2 $1 $16 Ra1 {[#]} 30. Nd6 $1 Rxa5 31. Nxb7 Ra4 (31... Ra2 $16 32. Nxc5 a5) 32. Nxc5 Ra5 (32... Rc4 {was worth a try.}) 33. Nd3 Kf8 (33... Nd7 {was called for.} 34. Nd2 f6) 34. Nd2 $18 Nd7 35. Nc4 Ra1 36. b4 f6 37. Rd2 Ke7 (37... Ne7 $142 38. Ndb2 Ke8 39. Nd6+ Kd8) 38. Ndb2 Rc1 (38... Ra2 $142 39. Rd3 Ndf8) 39. Ne3 Ke8 40. Nd5 Ne7 {intending ...Nxd5.} 41. Nc7+ {White is winning.} Kd8 42. Ne6+ Kc8 43. Na4 g6 44. Rd6 {Accuracy: White = 55%, Black = 40%.} 1-0

[Event "EUSA-ch Open 2019"]
[Site "Budapest"]
[Date "2019.07.25"]
[Round "1.2"]
[White "Smolka, Marcin"]
[Black "Shevchenko, Kirill"]
[Result "0-1"]
[WhiteElo "2178"]
[BlackElo "2536"]
[Annotator "ChessBase"]
[PlyCount "99"]
[EventDate "2019.07.23"]
[EventType "team-tourn"]
[EventCountry "HUN"]
[SourceTitle "playchess.com"]
[Source "ChessBase"]
[SourceQuality "1"]
[TimeControl "1500+10"]

1. e4 {[%emt 0:00:00]} e5 {[%emt 0:00:59]} 2. Nf3 {[%emt 0:00:00]} Nc6 {[%emt 0:00:02]} 3. Bb5 {[%emt 0:00:00]} a6 {[%emt 0:00:04]} 4. Ba4 {[%emt 0:00:00]} Nf6 {[%emt 0:00:01]} 5. O-O {[%emt 0:00:00]} Be7 {[%emt 0:00:07]} 6. Re1 {[%emt 0:01:14]} d6 {[%emt 0:00:22]} 7. h3 {[%emt 0:01:29]} b5 {[%emt 0:00:07]} 8. Bb3 {[%emt 0:00:01]} Na5 {[%emt 0:00:02]} 9. c3 {[%emt 0:01:02]} Nxb3 {[%emt 0:00:04]} 10. axb3 {[%emt 0:02:09]} O-O {[%emt 0:00:07]} 11. d4 {[%emt 0:01:50]} Bb7 {[%emt 0:00:04]} 12. Nbd2 {[%emt 0:01:15]} Re8 {[%emt 0:00:14]} 13. Qc2 {[%emt 0:03:47]} exd4 {[%emt 0:00:44]} 14. cxd4 {[%emt 0:01:42]} Bf8 {[%emt 0:00:02]} 15. d5 {[%emt 0:04:21]} Rc8 {[%emt 0:00:13]} 16. Qd3 {[%emt 0:00:22]} Qd7 {[%emt 0:01:52]} 17. Nf1 {[%emt 0:01:43]} c6 {[%emt 0:00:01]} 18. Bg5 {[%emt 0:02:10]} cxd5 {[%emt 0:00:18]} 19. exd5 {[%emt 0:00:08]} Nxd5 {[%emt 0:00:16]} 20. Rxe8 {[%emt 0:01:58]} Rxe8 {[%emt 0:00:04]} 21. Ng3 {[%emt 0:00:55]} h6 {[%emt 0:00:32]} 22. Bd2 {[%emt 0:00:15]} Nf6 {[%emt 0:00:01]} 23. Re1 {[%emt 0:01:05]} Rxe1+ {[%emt 0:00:09]} 24. Bxe1 {[%emt 0:00:02]} Qe6 {[%emt 0:00:27]} 25. Bb4 {[%emt 0:00:24]} Ne4 {[%emt 0:00:15]} 26. Nxe4 {[%emt 0:00:17]} Bxe4 {[%emt 0:00:10]} 27. Qd1 {[%emt 0:00:20]} Bd5 {[%emt 0:00:30]} 28. Nd2 {[%emt 0:00:28]} Qg6 {[%emt 0:00:04]} 29. Qg4 {[%emt 0:00:19]} Qe6 {[%emt 0:01:02]} 30. Qxe6 {[%emt 0:00:06]} fxe6 {[%emt 0:00:02]} 31. f3 {[%emt 0:00:17]} Kf7 {[%emt 0:00:06]} 32. Kf2 {[%emt 0:00:07]} Ke7 {[%emt 0:00:10]} 33. Bc3 {[%emt 0:00:07]} Kd7 {[%emt 0:00:17]} 34. Ke3 {[%emt 0:00:05]} g6 {[%emt 0:00:04]} 35. g3 {[%emt 0:00:15]} Be7 {[%emt 0:00:04]} 36. h4 {[%emt 0:00:11]} h5 {[%emt 0:00:14]} 37. f4 {[%emt 0:00:13]} Bd8 {[%emt 0:00:05]} 38. b4 {[%emt 0:00:13]} Bb6+ {[%emt 0:00:15]} 39. Bd4 {[%emt 0:00:02]} Bc7 {[%emt 0:00:01]} 40. Nb1 {[%emt 0:00:28]} e5 {[%emt 0:00:40]} 41. fxe5 {[%emt 0:00:15]} dxe5 {[%emt 0:00:02]} 42. Bc3 {[%emt 0:00:06]} Ke6 {[%emt 0:00:06]} 43. Be1 {[%emt 0:00:03]} Bb6+ {[%emt 0:00:08]} 44. Ke2 {[%emt 0:00:16]} Bc4+ {[%emt 0:00:18]} 45. Kd2 {[%emt 0:00:14]} e4 {[%emt 0:00:19]} 46. Nc3 {[%emt 0:00:03]} e3+ {[%emt 0:00:24]} 47. Kc1 {[%emt 0:00:08]} Ke5 {[%emt 0:00:04]} 48. Kc2 {[%emt 0:00:17]} Kd4 {[%emt 0:01:03]} 49. Kc1 {[%emt 0:00:14]} Kd3 {[%emt 0:00:08]} 50. Kd1 {[%emt 0:00:10]} 0-1

[Event "EUSA-ch Open 2019"]
[Site "Budapest"]
[Date "2019.07.25"]
[Round "1.3"]
[White "Harutyunian, Tigran K."]
[Black "Sousa, Andre Ventura"]
[Result "1-0"]
[WhiteElo "2539"]
[BlackElo "2362"]
[Annotator "ChessBase"]
[PlyCount "38"]
[EventDate "2019.07.23"]
[EventType "team-tourn"]
[EventCountry "HUN"]
[SourceTitle "playchess.com"]
[Source "ChessBase"]
[SourceQuality "1"]
[TimeControl "1500+10"]

1. e4 {[%emt 0:00:00]} c5 {[%emt 0:00:00]} 2. c4 {[%emt 0:00:00]} Nc6 {[%emt 0:00:33]} 3. Ne2 {[%emt 0:00:03]} e5 {[%emt 0:00:43]} 4. d3 {[%emt 0:00:23]} d6 {[%emt 0:00:06]} 5. g3 {[%emt 0:00:11]} h5 {[%emt 0:00:59]} 6. Nbc3 {[%emt 0:02:13]} h4 {[%emt 0:01:22]} 7. Be3 {[%emt 0:00:28]} Nd4 {[%emt 0:00:43]} 8. Bxd4 {[%emt 0:12:37]} cxd4 {[%emt 0:00:30]} 9. Nd5 {[%emt 0:00:03]} Nf6 {[%emt 0:01:38]} 10. Nxf6+ {[%emt 0:00:58]} Qxf6 {[%emt 0:00:06]} 11. Qb3 {[%emt 0:00:06]} hxg3 {[%emt 0:06:23]} 12. fxg3 {[%emt 0:01:16]} Qf3 {[%emt 0:00:13]} 13. Rg1 {[%emt 0:01:18]} Rxh2 {[%emt 0:00:02]} 14. O-O-O {[%emt 0:00:46]} Be7 {[%emt 0:00:25]} 15. Qb5+ {[%emt 0:00:24]} Kf8 {[%emt 0:00:06]} 16. g4 {[%emt 0:00:44]} g6 {[%emt 0:03:32]} 17. Kb1 {[%emt 0:02:07]} Bh4 {[%emt 0:04:05]} 18. Qd5 {[%emt 0:00:56]} Bf2 {[%emt 0:04:43]} 19. Qxd6+ {[%emt 0:00:04]} Kg8 {[%emt 0:00:00]} 1-0

[Event "EUSA-ch Open 2019"]
[Site "Budapest"]
[Date "2019.07.25"]
[Round "1.4"]
[White "Radoman, Emmanuel"]
[Black "Predke, Alexandr"]
[Result "1-0"]
[WhiteElo "1937"]
[BlackElo "2632"]
[Annotator "TA"]
[PlyCount "75"]
[EventDate "2019.07.23"]
[EventType "team-tourn"]
[EventCountry "HUN"]
[SourceTitle "playchess.com"]
[Source "ChessBase"]
[SourceQuality "1"]

{[%evp 12,75,29,37,28,25,64,14,23,9,19,8,30,16,75,67,61,55,83,65,99,101,89,82,86,40,84,33,100,82,93,84,87,83,102,52,41,36,56,45,126,102,108,105,282,277,266,262,496,498,506,444,899,793,2102,2030,1990,1835,5595,5071,1721,1376,1072,613,5314,5281]} 1. e4 e6 2. d4 d5 3. Bd3 c5 4. c3 Nc6 5. Nf3 Nf6 6. e5 Nd7 7. O-O Be7 {C02: French: Advance Variation} 8. Be3 g5 $146 ({Predecessor:} 8... a6 9. Nbd2 cxd4 10. cxd4 Nb6 11. Rc1 Bd7 12. a3 Na5 {½-½ (33) Schneider,I (2489)-Bischoff,K (2519) Austria 2012}) 9. dxc5 g4 {The position is equal.} 10. Nd4 Ndxe5 11. Nxc6 bxc6 12. Bd4 $36 {[%mdl 2048] Black is under pressure.} Bf6 (12... Qc7 $11 {remains equal.}) 13. Re1 $16 Nxd3 14. Qxd3 a5 15. Nd2 Ba6 16. Qg3 Bxd4 17. cxd4 h5 18. Qe5 Rh7 19. b3 ({White should try} 19. Re3 $16) 19... Qb8 (19... Bd3 $14) 20. Qf5 Rh6 21. Qg5 Rg6 22. Qxh5 Kd7 23. Qe5 Qxe5 24. Rxe5 Rh8 25. f3 Rgh6 ({Better is} 25... g3 $14 26. hxg3 f6) 26. fxg4 Rxh2 {And now ...Rh1+ would win.} 27. Kf2 Rh1 $2 (27... f6 $16 28. Ree1 Bc8) 28. Rxh1 $18 Rxh1 {[#]} 29. Re1 $1 {[%cal Re1h1]} Rxe1 $2 (29... Rh7 30. Nf3 Rg7) 30. Kxe1 {[%mdl 4096] Endgame KB-KN. White is clearly winning.} f6 {[#]} 31. g5 $1 {[%mdl 512]} e5 (31... fxg5 $142 32. Nf3 Ke7 33. Nxg5 Kf6) 32. gxf6 e4 33. g4 Ke6 {[#]} 34. g5 $1 Kf7 35. Kf2 Kg6 36. Ke3 Bc8 37. Kf4 Be6 38. Nf1 {Accuracy: White = 74%, Black = 22%.} 1-0

[Event "EUSA-ch Open 2019"]
[Site "Budapest"]
[Date "2019.07.25"]
[Round "1.5"]
[White "Golubka, Petro"]
[Black "Popiol, Michal"]
[Result "1-0"]
[WhiteElo "2483"]
[BlackElo "2187"]
[Annotator "TA"]
[PlyCount "87"]
[EventDate "2019.07.23"]
[EventType "team-tourn"]
[EventCountry "HUN"]
[SourceTitle "playchess.com"]
[Source "ChessBase"]
[SourceQuality "1"]

{[%evp 11,87,0,29,-5,-2,-2,24,30,47,34,33,31,46,37,69,78,114,115,120,114,112,114,116,118,112,112,112,118,133,110,114,114,136,141,133,127,134,136,128,114,116,114,127,127,279,285,285,223,303,287,276,212,312,312,316,269,435,276,497,328,929,956,645,816,762,754,1262,1102,1145,1117,965,948,1538,1359,5110,2557,2086,2024]} 1. Nf3 Nf6 2. g3 d5 3. Bg2 e6 4. d4 Be7 5. c4 O-O 6. Nc3 c6 7. Qd3 {E06: Closed Catalan: Early deviations} (7. O-O Nbd7 8. b3 b6 9. Bb2 Ba6 10. Nd2 b5 11. cxd5 cxd5 12. a3 Rc8 13. Re1 Bb7 14. e3 a6 15. Qe2 b4 16. axb4 Bxb4 17. Rec1 Qb6 18. Na4 Rxc1+ 19. Rxc1 Qd6 20. Nf3 Rc8 21. Rxc8+ Bxc8 22. Qc2 Qb8 23. Bc3 Qc7 24. Ne1 Ne4 25. Bxb4 {1-0 (25) Rodshtein,M (2674)-Predojevic,B (2616) Porto Carras 2018}) 7... b6 8. O-O Na6 9. a3 {White has an edge.} Bb7 10. Rd1 Qc8 $146 ({Predecessor:} 10... Rc8 11. e4 c5 12. cxd5 exd5 13. exd5 c4 14. Qf1 Nxd5 15. Ne5 Nxc3 16. bxc3 {½-½ (45) Li,D (2426)-Yu,K (2243) Shenzhen 2016}) 11. cxd5 cxd5 12. Bf4 Nb8 13. Rac1 {[#] Strongly threatening Nxd5!} Ba6 14. Nxd5 Nxd5 15. Rxc8 Bxd3 16. Rxf8+ Kxf8 17. Rxd3 Nxf4 18. gxf4 Nd7 19. Rc3 Bd6 20. e3 Rd8 21. Kf1 Ke7 22. Ke2 h6 23. h4 g6 24. Nd2 Bb8 25. Bb7 Nf6 26. Nf3 Rd7 27. Ba6 Ne8 $2 {[#]} (27... Ng4 $16 28. Rc8 Rd8) 28. Ne5 $1 $18 {[%cal Re5d7]} Bxe5 29. fxe5 {[%mdl 4096] Endgame KRB-KRN} ({Less strong is} 29. dxe5 Rc7 $16) 29... Rc7 30. Bb5 Rxc3 31. bxc3 {KB-KN} Ng7 (31... Nc7 $142) 32. e4 Kd8 33. Kf3 Ke7 $2 (33... Nh5 {keeps fighting.} 34. Kg4 f6) 34. Kg4 Kf8 $2 (34... Nh5 {is a better defense.} 35. f4 f6) 35. d5 Ke7 $2 (35... Nh5 36. d6 f6) 36. d6+ {White is clearly winning.} Kd8 37. f4 Kc8 38. Bd3 Kd7 39. f5 exf5+ 40. exf5 gxf5+ 41. Bxf5+ Kc6 42. a4 Kb7 43. Be4+ Kc8 44. Bd5 {Accuracy: White = 79%, Black = 35%.} 1-0

[Event "EUSA-ch Open 2019"]
[Site "Budapest"]
[Date "2019.07.25"]
[Round "1.6"]
[White "Marques, Ricardo Taborda Trig"]
[Black "Petrosyan, Tigran S."]
[Result "1/2-1/2"]
[WhiteElo "1958"]
[BlackElo "2448"]
[Annotator "NA"]
[PlyCount "100"]
[EventDate "2019.07.23"]
[EventType "team-tourn"]
[EventCountry "HUN"]
[SourceTitle "playchess.com"]
[Source "ChessBase"]
[SourceQuality "1"]
[TimeControl "1500+10"]

1. e4 {[%emt 0:00:00]} e5 {[%emt 0:00:00]} 2. Nf3 {[%emt 0:00:00]} Nc6 {[%emt 0:00:00]} 3. d4 {[%emt 0:00:10]} exd4 {[%emt 0:00:18]} 4. Nxd4 {[%emt 0:00:05]} Qf6 {[%emt 0:00:50]} 5. Be3 {[%emt 0:00:31]} Bc5 {[%emt 0:00:14]} 6. c3 {[%emt 0:00:02]} Nge7 {[%emt 0:00:03]} 7. g3 {[%emt 0:01:01]} d5 {[%emt 0:02:38]} 8. Bg2 {[%emt 0:00:02]} Bxd4 {[%emt 0:03:26]} 9. cxd4 {[%emt 0:00:05]} dxe4 {[%emt 0:00:01]} 10. Nc3 {[%emt 0:00:20]} Bf5 {[%emt 0:00:55]} 11. Nxe4 {[%emt 0:02:06]} Bxe4 {[%emt 0:00:12]} 12. Bxe4 {[%emt 0:00:01]} Rd8 {[%emt 0:00:08]} 13. O-O {[%emt 0:03:40]} O-O {[%emt 0:04:17]} 14. Qh5 {[%emt 0:03:38]} g6 {[%emt 0:02:58]} 15. Qb5 {[%emt 0:01:00]} Qe6 {[%emt 0:02:30]} 16. Bg2 {[%emt 0:02:44]} Nxd4 {[%emt 0:03:43]} 17. Bxd4 {[%emt 0:01:32]} Rxd4 {[%emt 0:00:01]} 18. Qxb7 {[%emt 0:00:58]} Qb6 {[%emt 0:00:07]} 19. Rac1 {[%emt 0:01:57]} Qxb7 {[%emt 0:01:23]} 20. Bxb7 {[%emt 0:00:02]} Rd7 {[%emt 0:00:01]} 21. Be4 Rb8 {[%emt 0:00:49]} 22. b3 {[%emt 0:02:24]} Rb4 {[%emt 0:00:00]} 23. Rfe1 {[%emt 0:00:46]} a5 {[%emt 0:00:56]} 24. Bc6 {[%emt 0:03:03]} Nxc6 {[%emt 0:00:07]} 25. Rxc6 {[%emt 0:00:02]} a4 {[%emt 0:00:52]} 26. bxa4 {[%emt 0:00:35]} Rxa4 {[%emt 0:00:03]} 27. Re2 {[%emt 0:00:04]} Ra7 {[%emt 0:00:39]} 28. Kg2 {[%emt 0:00:06]} Kf8 {[%emt 0:00:10]} 29. h4 {[%emt 0:00:21]} h5 {[%emt 0:00:06]} 30. Kf3 {[%emt 0:00:15]} Rd3+ {[%emt 0:00:09]} 31. Kf4 {[%emt 0:00:29]} Rda3 {[%emt 0:00:26]} 32. Rcc2 {[%emt 0:00:11]} Kg7 {[%emt 0:00:41]} 33. f3 {[%emt 0:01:21]} R7a4+ {[%emt 0:00:05]} 34. Re4 {[%emt 0:00:03]} Rxa2 {[%emt 0:00:06]} 35. Rxc7 {[%emt 0:00:06]} Ra6 {[%emt 0:00:20]} 36. g4 {[%emt 0:00:54]} Rf6+ {[%emt 0:01:06]} 37. Kg3 {[%emt 0:00:05]} hxg4 {[%emt 0:00:10]} 38. Rxg4 {[%emt 0:00:14]} Ra1 {[%emt 0:00:09]} 39. Kg2 {[%emt 0:00:06]} Ra3 {[%emt 0:00:12]} 40. Rg3 {[%emt 0:00:12]} Rf5 {[%emt 0:00:19]} 41. Rc2 {[%emt 0:00:15]} Rb3 {[%emt 0:00:21]} 42. Re2 {[%emt 0:00:02]} Rb4 {[%emt 0:00:01]} 43. Rg4 {[%emt 0:00:14]} Rb3 {[%emt 0:00:02]} 44. Rf2 {[%emt 0:00:12]} Kf6 {[%emt 0:00:02]} 45. Kg3 {[%emt 0:00:03]} Rb1 {[%emt 0:00:08]} 46. Kg2 {[%emt 0:00:04]} Re5 {[%emt 0:00:05]} 47. Rf4+ {[%emt 0:00:11]} Kg7 {[%emt 0:00:02]} 48. Rd2 {[%emt 0:00:07]} Rb7 {[%emt 0:00:14]} 49. Kg3 {[%emt 0:00:08]} Kh6 {[%emt 0:00:04]} 50. Rd6 {[%emt 0:00:14]} Kg7 {[%emt 0:00:18]} 1/2-1/2

[Event "EUSA-ch Open 2019"]
[Site "Budapest"]
[Date "2019.07.25"]
[Round "2.1"]
[White "Lewicki, Miroslaw"]
[Black "Chigaev, Maksim"]
[Result "1/2-1/2"]
[WhiteElo "2351"]
[BlackElo "2640"]
[Annotator "TA"]
[PlyCount "142"]
[EventDate "2019.07.23"]
[EventType "team-tourn"]
[EventCountry "HUN"]
[SourceTitle "playchess.com"]
[Source "ChessBase"]
[SourceQuality "1"]

{[%evp 18,141,29,22,58,29,34,31,31,28,37,20,31,19,27,25,37,6,7,-17,-9,-14,-22,-54,-39,-59,-66,-61,-8,-57,-41,-157,-135,-156,-147,-208,-195,-255,-252,-231,-216,-344,-345,-327,-325,-415,-244,-214,-117,-108,-120,-297,-43,-58,-72,-124,-138,-288,-297,-288,-285,-255,-10,-8,-17,-22,-27,-29,0,0,-6,-12,-13,-77,-8,-35,0,0,0,0,0,-97,-101,-117,-41,-48,0,-56,-56,-56,0,-54,-69,-87,-87,-96,-87,-125,0,-5,0,0,0,0,0,0,0,0,0,0,0,0,0,0,0,0,0,0,0,0,0,0,0,0,0,0]} 1. e4 e5 2. Nf3 Nc6 3. Bb5 a6 4. Ba4 Nf6 5. d3 d6 6. c3 Bd7 7. O-O g6 8. Nbd2 Bg7 9. Re1 O-O 10. Nf1 Kh8 {C77: Ruy Lopez: 3...a6 4 Ba4 Nf6, unusual lines} 11. d4 $146 ({Predecessor:} 11. h3 Qe8 12. Ne3 Ng8 13. Bc2 f5 14. exf5 gxf5 15. Nd5 Rc8 16. d4 e4 17. Nf4 Nce7 18. Ng5 {½-½ (48) Bruzon Batista,L (2679)-L'Ami,E (2624) Khanty-Mansiysk 2010}) 11... Qe8 12. Bc2 Bg4 {White is slightly better.} 13. d5 Ne7 14. h3 Bxf3 15. Qxf3 Nfg8 16. Ng3 f5 17. exf5 gxf5 18. Nh5 (18. Nxf5 Nxf5 19. Bxf5 Ne7 $17) 18... Bh6 19. Bxh6 (19. c4 {is interesting.} Qf7 20. c5 Rac8 21. Bd1 Bg7 22. Qb3) 19... Nxh6 20. Ng3 Qg6 21. c4 Qg7 22. Kh1 b6 (22... f4 $1 $15 23. Ne2 Qf6) 23. b4 a5 {[%cal Ba6a5,Ba5b4][%mdl 32]} 24. c5 (24. bxa5 $15 Rxa5 25. Nh5) 24... axb4 $17 (24... bxc5 $6 25. Nh5 $11) 25. cxd6 cxd6 26. Qb3 (26. Bb3 $17 {might work better.}) 26... Rg8 {And now ...f4 would win.} 27. Rg1 {[#]} (27. Qxb4 {was necessary.} Rad8 28. Rg1) 27... Ng4 $1 $19 {[%cal Rg4f2][%mdl 512]} 28. Raf1 (28. hxg4 Ra3) 28... Ra3 29. Qxb4 {[#]} (29. Qb1 {was the only chance.} Nxf2+ 30. Rxf2 Qxg3 31. Rgf1) 29... Nxf2+ $1 {[%mdl 512]} 30. Rxf2 Rxg3 31. Qh4 f4 (31... e4 $142 32. Bd1 e3) 32. Be4 Ng6 (32... Re3 $19 33. Bc2 b5) 33. Qh5 $17 h6 34. Rb1 $2 {[#]} (34. Rc1 $17) 34... Rg5 $2 ({Black should try} 34... f3 $1 $19 {[%mdl 512] Threatens to win with ...Nf4.} 35. Bxg6 (35. Bxf3 Rg5) 35... e4) 35. Qe2 $15 Nh4 36. Rxb6 (36. Rb3 $142) 36... Rg3 $1 $17 {[%cal Rg3h3]} 37. Rb3 {[#]} (37. Rb1 $17) 37... f3 $1 $19 {[%mdl 512]} 38. Bxf3 {[#]} Rxh3+ $1 {[%mdl 512]} 39. Kg1 (39. gxh3 Qg1#) 39... Qg3 $2 (39... Nf5 $1 $19 {[%cal Rf5g3]} 40. Bg4 Nd4 41. Bxh3 Nxe2+ 42. Rxe2 Qa7+ 43. Kh2 Qf7) 40. Qc2 $1 $11 Nxf3+ 41. Rbxf3 Qh2+ 42. Kf1 Qh1+ 43. Ke2 Qxg2 44. Qe4 ({But not} 44. Rxg2 $2 Rxg2+ 45. Kf1 (45. Rf2 $2 Rxf2+ 46. Kxf2 Rh2+ {[%mdl 64] Skewer} 47. Ke3 Rxc2 $19) 45... Rxc2 $19) 44... Qh1 45. Qf5 {[#]} (45. Rf1 $1 $11 {remains equal.} Rh2+ 46. Kd3) 45... Rxf3 (45... Rh5 $1 $17 {[%cal Rh5f5]} 46. Qf6+ Rg7) 46. Rxf3 $17 {[%mdl 4096] Endgame KQR-KQR} Rg2+ 47. Rf2 Rxf2+ {[%mdl 64] Discovered Attack} 48. Kxf2 Qxd5 $11 {KQ-KQ} 49. Kg3 (49. a4 $11 {keeps the balance.}) 49... Kg7 $17 50. Qd7+ Kg6 (50... Kf6 $17 {Hoping for ...Qd3+.} 51. Qd8+ Kf5 52. Qf8+ Kg6) 51. a4 $1 $15 h5 {aiming for ...Qd3+.} 52. Qe8+ (52. a5 $1 $11) 52... Kf5 53. Qxh5+ Ke4 (53... Kf6 $1 $15 54. Qh6+ Ke7 55. Qh7+ Kd8) 54. Qe2+ (54. Qh1+ $11 Kd4 55. Qa1+ Kc5 56. a5) 54... Kd4 {Strongly threatening ...Qb3+.} 55. Qb2+ Kc4 56. Qb6 Qd3+ 57. Kg2 {[#]} Qc2+ (57... e4 $1 $17 {White must now prevent ...Qd2+.} 58. a5 Qf3+ 59. Kh2 e3) 58. Kf3 $11 {The position is equal.} Qxa4 {...Qb3+ is the strong threat.} 59. Qxd6 Qa8+ 60. Ke3 Qa7+ 61. Ke2 Qa2+ 62. Ke3 {White threatens Qe6+ and mate.} Qa7+ 63. Ke2 Qd4 64. Qxd4+ Kxd4 {KP-K} (64... exd4 $5 65. Kd2 $8 Kd5 $11) 65. Kd2 Ke4 (65... e4 $5) 66. Ke2 Kf4 67. Kf2 e4 68. Ke2 e3 69. Ke1 Kf3 {( -> ...e2)} 70. Kf1 e2+ 71. Ke1 Ke3 {Accuracy: White = 42%, Black = 56%.} 1/2-1/2

[Event "EUSA-ch Open 2019"]
[Site "Budapest"]
[Date "2019.07.25"]
[Round "2.2"]
[White "Predke, Alexandr"]
[Black "Molenda, Marcin"]
[Result "1-0"]
[WhiteElo "2632"]
[BlackElo "2387"]
[Annotator "TA"]
[PlyCount "37"]
[EventDate "2019.07.23"]
[EventType "team-tourn"]
[EventCountry "HUN"]
[SourceTitle "playchess.com"]
[Source "ChessBase"]
[SourceQuality "1"]

{[%evp 9,51,18,15,-1,-3,-32,-18,-30,0,-36,-7,-14,-7,-12,-12,-27,41,51,27,41,1122,1120,1097,1117,1116,1079,1090,1091,872,860,1516,1529,1477,1395,29982,2448,29983,29984,29984,29985,29994,29995,29996,606]} 1. e4 c5 2. Nc3 e6 3. Nge2 Nc6 4. g3 h5 (4... Nf6 5. Bg2 Be7 6. O-O O-O 7. d3 d5 8. exd5 exd5 9. Re1 d4 10. Ne4 Nxe4 11. Bxe4 Bg4 12. f3 Bd7 13. Nf4 Bd6 14. Ng2 Qc7 15. Bf4 Rae8 16. Qd2 Ne5 17. Bxe5 Rxe5 {1-0 (64) Aronian,L (2767)-Caruana,F (2822) chess.com INT 2018}) 5. Bg2 h4 6. O-O $146 {B23: Closed Sicilian: Lines without g3} ({Predecessor:} 6. h3 hxg3 7. fxg3 Bd6 8. d3 a6 9. Be3 Qc7 10. Bf2 Rb8 11. Qd2 g6 12. Qe3 {0-1 (47) Lucas,F-Grichkevitch,G Val Maubuee 1990}) 6... hxg3 7. fxg3 Nf6 8. d3 {The position is equal.} Qb6 9. Kh1 Ng4 10. h3 d6 11. a3 Be7 12. Rb1 Bf6 (12... a6 $11) 13. Nf4 $14 Bxc3 14. Qxg4 e5 $2 {[%mdl 8192]} (14... Be5 $14) 15. Qxg7 $18 exf4 16. bxc3 {[%mdl 64] [#] Discovered Attack} Qxb1 17. Qxh8+ Kd7 18. Bxf4 Qxc2 19. d4 {Played: Qh8-f6} 1-0

[Event "EUSA-ch Open 2019"]
[Site "Budapest"]
[Date "2019.07.25"]
[Round "2.3"]
[White "Shevchenko, Kirill"]
[Black "Grimm, Daniel"]
[Result "1-0"]
[WhiteElo "2536"]
[BlackElo "2280"]
[Annotator "ChessBase"]
[PlyCount "63"]
[EventDate "2019.07.23"]
[EventType "team-tourn"]
[EventCountry "HUN"]
[SourceTitle "playchess.com"]
[Source "ChessBase"]
[SourceQuality "1"]
[TimeControl "1500+10"]

1. d4 {[%emt 0:00:00]} d5 {[%emt 0:00:01]} 2. c4 {[%emt 0:00:00]} c6 {[%emt 0:00:04]} 3. Nf3 {[%emt 0:00:16]} Nf6 {[%emt 0:00:12]} 4. Nc3 {[%emt 0:00:08]} dxc4 {[%emt 0:00:08]} 5. a4 {[%emt 0:00:08]} e6 {[%emt 0:00:04]} 6. e3 {[%emt 0:00:50]} c5 {[%emt 0:00:06]} 7. Bxc4 {[%emt 0:00:26]} Nc6 {[%emt 0:00:17]} 8. O-O {[%emt 0:00:45]} cxd4 {[%emt 0:00:05]} 9. exd4 {[%emt 0:00:02]} Be7 {[%emt 0:00:21]} 10. Bg5 {[%emt 0:02:38]} O-O {[%emt 0:00:19]} 11. Re1 {[%emt 0:00:17]} Nb4 {[%emt 0:00:29]} 12. Ne5 {[%emt 0:00:38]} Bd7 {[%emt 0:03:05]} 13. Re3 {[%emt 0:05:25]} Nfd5 {[%emt 0:03:30]} 14. Nxd5 {[%emt 0:02:24]} Nxd5 {[%emt 0:00:04]} 15. Bxd5 {[%emt 0:02:02]} Bxg5 {[%emt 0:00:14]} 16. Bxb7 {[%emt 0:00:02]} Rb8 {[%emt 0:05:00]} 17. Rb3 {[%emt 0:00:07]} Qc7 {[%emt 0:00:16]} 18. Ba6 {[%emt 0:03:12]} Rxb3 {[%emt 0:01:21]} 19. Qxb3 {[%emt 0:00:01]} Rb8 {[%emt 0:00:13]} 20. Qg3 {[%emt 0:00:38]} Rb6 {[%emt 0:01:53]} 21. Qxg5 {[%emt 0:02:24]} f6 {[%emt 0:00:17]} 22. Rc1 {[%emt 0:00:42]} Qd8 {[%emt 0:01:04]} 23. Qg3 {[%emt 0:05:04]} fxe5 {[%emt 0:01:10]} 24. Bd3 {[%emt 0:00:02]} exd4 {[%emt 0:01:40]} 25. Qe5 {[%emt 0:00:01]} Qf6 {[%emt 0:03:32]} 26. Qe4 {[%emt 0:00:43]} Rxb2 {[%emt 0:00:35]} 27. f4 {[%emt 0:00:13]} Qh4 {[%emt 0:00:37]} 28. Qxd4 {[%emt 0:00:08]} Ra2 {[%emt 0:02:06]} 29. Bc4 {[%emt 0:00:09]} Rxg2+ {[%emt 0:00:29]} 30. Kxg2 {[%emt 0:00:02]} Bc6+ {[%emt 0:00:01]} 31. Kf1 {[%emt 0:00:14]} Qxh2 {[%emt 0:00:42]} 32. Bxe6+ {[%emt 0:00:05]} 1-0